Curso de Derecho Administrativo

Saved in:
Bibliographic Details
Main Authors: García de Enterría, Eduardo (Author), Fernández, Tomás-Ramón (Author)
Format: Book
Language:Spanish
Published: Pamplona Aranzadi S. A 2013
Edition:13a. ed
Subjects:
Tags: Add Tag
No Tags, Be the first to tag this record!

MARC

LEADER 00000cam a2200000 a 4500
001 UCE2614
003 CL-VaPUC
008 140717e20130000sp |||||||||||||||||spa|d
020 |a 9788447041299 
082 0 4 |a 342.46  |b GAR  |2 21 
100 0 |a García de Enterría, Eduardo  |e author  |9 254850 
700 0 |a Fernández, Tomás-Ramón  |e author  |9 575115 
245 1 0 |a Curso de Derecho Administrativo 
250 |a 13a. ed 
300 |a v 
942 |c BK 
945 |d 20140717 11:12:00  |a dcastane 
260 |a Pamplona  |b Aranzadi S. A  |c 2013 
650 7 |a DERECHO ADMINISTRATIVO ESPAÑOL  |2 CL-VaPUC  |9 482261 
650 0 |a Derecho europeo  |9 391498 
650 0 |a Administración pública   |9 255343 
583 |a last modification  |c 20140717 11:12:00  |k Rodrigo Vera 
999 |c 356195  |d 356193 
952 |0 0  |1 0  |3 erd  |4 0  |6 342_460000000000000_GAR_2013  |7 0  |8 A  |9 463374  |a BIBDER  |b BIBDER  |h v.2  |i 5089859  |l 3  |o 342.46 GAR 2013  |p 5089859  |r 2025-04-25  |s 2023-03-09  |w 2019-11-23  |y BK  |z Catalogado en:20140717  |k DER